Представление документа в формате RUSMARC

ПолеНазваниеЗначение
  Тип записи a
  Библиографический уровень a
001 Контрольный номер RU/CBS_UL/BASE/8c37369647074cddb1e780c37830c15c
005 Дата корректировки 20260325150636.8
100 Данные общей обработки __
a Данные общей обработки 20260325 ||| 0rusy0189 ca
101 Язык документа 0_
a Язык текста rus
102 Страна публикации __
a Страна публикации RU
200 Заглавие и сведения об ответственности 1_
a Заглавие Море - "побеждённым"
e Сведения, относящиеся к заглавию [о Крымской войне 1853-1856 гг.]
f Первые сведения об ответственности К. Кудряшов
300 Общие примечания __
a Общие примечания Содерж. : Войны после мира
300 Общие примечания __
a Общие примечания 16+
461 Уровень набора _0
1 2000
a Аргументы и факты
463 Уровень физической единицы _0
1 2000
a № 12 (25-31 марта)
v С. 16 : ил.
1 2101
d 2026
1 001RU/CBS_UL/BASE/665483c3211c49ccaf0eba7edab0b915
606 Тематические рубрики 0_
a Основная рубрика Крымская война - 1853-1856
610 Ключевые слова 0_
a Ключевые слова войны, Крымская война, итоги Крымской войны, история русская
686 Индексы других классификаций __
2 Код системы rubbk
a Классификационный индекс 63.3(2)52
700 Автор _1
a Фамилия Кудряшов
b Имя (инициалы) К.
801 Источник записи _0
a Страна RU
b Организация МБУК ЦБС г. Ульяновска
c Дата составления 20260325
g Правила каталогизации RCR
801 Источник записи _1
a Страна RU
b Организация МБУК ЦБС г. Ульяновска
c Дата составления 20260325
g Правила каталогизации RCR
901 Тип документа __
t Тип документа f
w Контрольный № источника RU/CBS_UL/BASE/665483c3211c49ccaf0eba7edab0b915
909 Создатель записи __
a Создатель записи lib1